| 000 | 02305cam a22004574i 4500 | ||
|---|---|---|---|
| 003 | PE-LiUPU | ||
| 005 | 20250731183444.0 | ||
| 008 | 150512s2010 sp a rb 001 0 spa d | ||
| 020 | _a9788425223518 | ||
| 035 | _a(Sirsi) i9788425223518 | ||
| 040 |
_aEs-BaCBU _bcat _cESCBUL _dRIV _dPE-LiUPU _erda |
||
| 049 | _aPRUA | ||
| 050 | 1 | 4 |
_aTA403 _b .A73218 2010 |
| 082 | 0 | 4 |
_a720.2803 _bC7 |
| 245 | 0 | 0 |
_aConstruir la arquitectura : _bdel material en bruto al edificio : un manual / _cAndrea Deplazes, editor. |
| 264 | 1 |
_aBarcelona : _bGustavo Gili, _c[2010]. |
|
| 300 |
_a555 páginas : _bilustraciones ; _c30 centímetros |
||
| 336 |
_atext _2rdacontent |
||
| 337 |
_aunmediated _2rdamedia |
||
| 338 |
_avolume _2rdacarrier |
||
| 504 | _aBibliografía : páginas 537-547. | ||
| 504 | _aIndice de términos : páginas 549-555. | ||
| 505 | 0 | _aMateriales contructivos - módulos -- Obra de fábrica -- Hormigón -- Madera -- Acero -- Aislamiento -- Vidrio y plástico -- Elementos constructivos cimentación - zócalo -- Fachada -- Huecos -- Techos -- Cubierta -- Escaleras, ascensores -- Estructura tipologías constructivas -- Física aplicada a la construcción, energía -- Edificios obras seleccionadas -- Catálogo de elementos constructivos, representación de planos -- Cimentación- zócalo -- Muro - forjado -- Huecos -- Forjados -- Cubierta - bajo cubierta. | |
| 526 | _aP158 | ||
| 526 | _aP146 | ||
| 526 | _aP17 | ||
| 526 | _aP12 | ||
| 526 | _aP06 | ||
| 541 | _g003-000776; | ||
| 650 | 4 |
_aArquitectura _vManuales. |
|
| 650 | 4 |
_aConstrucción _vManuales. |
|
| 650 | 7 |
_aConstrucción. _2embne _935 |
|
| 700 | 1 |
_aDeplazes, Andrea, _eeditor. |
|
| 710 | 2 |
_aEidgenössische Technische Hochschule Zürich. _bDepartement Architektur. |
|
| 910 |
_aaas _bjck _caas _d20150512 |
||
| 942 |
_2ddc _cBOOK |
||
| 949 |
_a721 C7 _wDEWEY _c1 _i71147 _d2016-10-16 _e2016-10-12 _lCCODEBUL1 _mBUL _n2 _p100.53 _r0 _sY _tBOOK _u2015-5-12 _xINGENIERIA _PP06 _0COMPRA _o.STAFF. Colección General |
||
| 994 |
_aC0 _bPEPRU |
||
| 596 | _a1 | ||
| 999 |
_a721 C7 _wDEWEY _c57196 _i71147 _d57196 _e2019-5-24 _f2021-11-9 _g7 _lCCODEBUL1 _mBUL _n12 _p100.53 _q6 _r0 _sY _tBOOK _u2015-5-12 _xINGENIERIA _PP06 _0COMPRA _o.STAFF. Colección General |
||
| 980 |
_81 _gALBERTO SANCHEZ Responsable de Automatización |
||